000 00341nam a2200145Ia 4500
999 _c14086
_d14086
003 OSt
005 20260327145143.0
008 260210s9999 xx 000 0 und d
020 _a9788997079810
082 _a747.85
100 _aDMP
245 0 _aCafe Ii: International Cafe Design Trends All In One
260 _bDMP
942 _cBDES
_2ddc